000 01084nam a22003497a 4500
001 0025888
003 KOHA_MİRAKIL
005 20260207002513.0
007 ta
008 101112b2010 tu |||gr||||#0|||1|tur |
020 _a9758631403
040 _aTR-BiSEU
_btur
_cTR-BiSEU
_erda
041 0 _atur
044 _ctu
050 _aPG3366
_b.C63 2010
100 0 _aTolstoy.
245 1 _aÇocukluğum/
_cTolstoy ; Tolstoy.
264 1 _aİstanbul :
_bLacivert Yayıncılık
_c2010
300 _a238 sayfa; 20 cm.
336 _ametin
_btxt
_2rdacontent
337 _aaracısız
_bn
_2rdamedia
338 _acilt
_bnc
_2rdacarrier
490 1 _aAntik Dünya Kalsikleri ;
_v44.
490 1 _aBatı Kalsiklerti Dizisi ;
_v30.
650 0 _aDünya klasikleri--roman.
_932541
650 0 _aSovyetler Birliği--Sosyal hayat ve gelenekler--Fiction.
_932542
650 0 _aSoviet Union--Social life and customs--Fiction.
_932543
830 1 _aAntik Dünya Kalsikleri ;
_v44.
_951719
830 1 _aBatı Kalsiklerti Dizisi ;
_v30.
_951783
907 _aRoman
942 _2lcc
_cBK
999 _c25835
_d25835